| 000 | 00799nam a22002177a 4500 | ||
|---|---|---|---|
| 999 |
_c12211 _d12211 |
||
| 003 | AR-CdUCM | ||
| 008 | 190408b ||||| |||| 00| 0 spa d | ||
| 040 |
_aMUNICIPALIDAD PROVINCIAL DEL CUSCO _cBIBLIOTECA MUNICIPAL DEL CUSCO |
||
| 082 |
_22 ed. _a628.2 / _bST79 / 1958 |
||
| 100 |
_aSteel, Ernest W _929955 |
||
| 245 | _aAbastecimiento de agua alcantarillado / | ||
| 260 |
_aBarcelona : _bGustavo gili, _c1958. |
||
| 300 |
_a740 páginas ; _c25 cm. |
||
| 505 | _aContenido : Cantidad de agua y agua residual -- Lluvia y corrientes superficiales -- Aguas subterráneas -- Conducción de agua ... | ||
| 650 |
_aAgua _919441 |
||
| 650 |
_aTratamiento de agua _919653 |
||
| 650 |
_aAlcantarillado _929956 |
||
| 700 |
_aBorrell Maciá, J. _929957 |
||
| 942 |
_2ddc _cLIBROS |
||
| 945 |
_arah _d08/04/2019 |
||